Personajes de aqui no hay quien viva por el actor - Estadísticas

Estadísticas generales
  • Esta prueba ha sido intentada 486 veces
  • La puntuación promedio es 27 de 35
Estadísticas de respuestas
Actor Respuesta % Correcto
Emma Penella Concha
96%
Jose Luis Gil Juan Cuesta
96%
Luis Merlo Mauricio Hidalgo
96%
Fernando Tejero Emilio Delgado
95%
Adrià Collado Fernando Navarro
93%
Isabel Ordaz Isabel Ruiz
93%
Malena Arterio Belén López-Vázquez
92%
María Adánez Lucía Álvarez
92%
Loles León Paloma Hurtado
92%
Eva isanta Bea Villarejo
91%
Mariví Bilbao Marisa Benito
91%
Daniel Guzmán Roberto Alonso
91%
Gemma Cuervo Vicenta Benito
91%
Sofía Nieto Natalia Cuesta
89%
Eduardo García Jose Miguel Cuesta
87%
Eduardo Gómez Mariano Delgado
86%
Elio González Pablo Guerra
85%
Santiago Ramos Andrés Guerra
83%
Guillermo Ortega Paco
83%
Laura Pamplona Alicia Sanz
82%
Vanesa Romero Ana
82%
Diego Martín Carlos
82%
Cook Valentin
80%
Juan Díaz Alex Guerra
69%
Llum Barrera Carmen
68%
Pablo Chiapella Moncho Hidalgo
65%
Ricardo Arroyo Higinio Hidalgo
64%
Carmen Balagué Nieves Cuesta
60%
Roberto San Martín Yago
58%
Emma Ozores Mamen
57%
Joseba Apaolaza Armando Rubio
53%
Beatriz Carvajal María Jesús
52%
Nicolás Dueñas Rafael Álvarez
44%
Denise Maestre Candela Hidalgo
40%
Assumpta Serna Marta Puig Llorens
30%
No se encontraron pruebas coincidentes
Distribución de puntuación
Porcentaje de gente con cada puntuación
Porcentaje por número respondido
Historial de tus puntuaciones
No has intentado esta prueba.